000
00274nam a22001217a 4500
008
180124b xxu||||| |||| 00| 0 eng d
041
_a
eng
080
_a
338
100
_a
53
101
_a
MEN
245
_a
Restaurant operations& controls
_c
Escoffier,M.R
942
_2
udc
_c
BK
999
_c
40852
_d
40852